Rozhodovanie o poistení podnikových rizík - výskum relevantných špecifík dizertačná práca
Guardado en:
| Autor principal: | |
|---|---|
| Autor Corporativo: | |
| Otros Autores: | |
| Formato: | Libro |
| Lenguaje: | eslovaco |
| Publicado: |
Bratislava
2020
|
| Materias: | |
| Etiquetas: |
Sin Etiquetas, Sea el primero en etiquetar este registro!
|
MARC
| LEADER | 00000nbm a2200000 4500 | ||
|---|---|---|---|
| 001 | 0268041 | ||
| 005 | 20230302102203.5 | ||
| 041 | 0 | |a slo | |
| 044 | |a SK | ||
| 245 | 1 | 0 | |a Rozhodovanie o poistení podnikových rizík - výskum relevantných špecifík |b dizertačná práca |c Miroslav Pekár ; školiteľ: Peter Dorčák |
| 264 | 1 | |a Bratislava |c 2020 | |
| 300 | |a 103 s. | ||
| 610 | 2 | 0 | |a poistenie podnikov |
| 610 | 2 | 0 | |a udalosti poistné |
| 610 | 2 | 0 | |a riziko podnikateľské |
| 610 | 2 | 0 | |a rozhodovanie podnikové |
| 610 | 2 | 0 | |a výskum |
| 100 | 1 | |a Pekár, Miroslav, 1976- | |
| 700 | 1 | |a Dorčák, Peter, 1979- | |
| 710 | 2 | |a Fakulta podnikového manažmentu EU. Katedra podnikových financií | |